[Event "Quebec (ville/city) inv."]
[Site "Quebec CAN"]
[Date "1985.07.20"]
[Round "2"]
[White "Berube, Richard"]
[Black "Girard, Robin"]
[Result "1/2-1/2"]
[WhiteElo "2087"]
[BlackElo "2080"]
[PlyCount "128"]
[EventDate "1985.07.20"]
[EventType "tourn"]
[EventRounds "7"]
[EventCountry "CAN"]

1. d4 Nf6 2. c4 g6 3. Nc3 Bg7 4. e4 d6 5. Nf3 O-O 6. Be2 e5 7. dxe5 dxe5 8.
Qxd8 Rxd8 9. Bg5 Nbd7 10. O-O-O Rf8 11. Ne1 c6 12. Be3 Re8 13. Nc2 Bf8 14. f3
Bc5 15. Bxc5 Nxc5 16. Rd2 Kf8 17. Rhd1 Be6 18. b4 Na6 19. a3 Ke7 20. Ne3 Red8
21. c5 Nc7 22. Bc4 Rxd2 23. Rxd2 Nfe8 24. Ncd5+ cxd5 25. exd5 Nxd5 26. Nxd5+
Kf8 27. Kb2 Rc8 28. Bb3 Rd8 29. Kc3 Ng7 30. b5 Nf5 31. Nc7 Rxd2 32. Nxe6+ fxe6
33. Kxd2 Ke7 34. Bc4 b6 35. c6 Ng7 36. Ke3 Ne8 37. Bd3 Kf6 38. h4 h6 39. a4 Nc7
40. Bc4 Ne8 41. Bb3 Nc7 42. Kf2 Ne8 43. Kg3 Nc7 44. Kg4 Ne8 45. Bc2 Nc7 46. g3
Ne8 47. f4 exf4 48. gxf4 h5+ 49. Kf3 Nc7 50. Ke4 Ne8 51. Kd4 Nc7 52. Bb1 Ne8
53. Bd3 Nc7 54. Bb1 Ne8 55. Be4 Nc7 56. Bxg6 Kxg6 57. Ke5 a6 58. Kd6 axb5 59.
Kxc7 bxa4 60. Kxb6 a3 61. c7 a2 62. c8=Q a1=Q 63. Qxe6+ Qf6 64. f5+ Kg7 1/2-1/2

[Event "Charny"]
[Site "Charny CAN"]
[Date "1985.09.24"]
[Round "4"]
[White "Girard, Robin"]
[Black "Auger, Bertrand"]
[Result "1-0"]
[WhiteElo "2071"]
[BlackElo "1841"]
[PlyCount "63"]
[EventDate "1985.??.??"]
[EventCountry "CAN"]

1. e4 e6 2. d4 d5 3. Nc3 Bb4 4. e5 c5 5. a3 Bxc3+ 6. bxc3 Ne7 7. a4 Qa5 8. Bd2
Nbc6 9. Nf3 Bd7 10. Bd3 c4 11. Bf1 O-O-O 12. g3 f6 13. exf6 gxf6 14. Bg2 Ng6
15. O-O h5 16. h4 Rdg8 17. Re1 e5 18. dxe5 Ncxe5 19. Nxe5 fxe5 20. Bg5 Bc6 21.
Bf6 Rh7 22. Bxe5 Nxe5 23. Rxe5 Qxc3 24. Re3 Qf6 25. c3 Rf7 26. Ra2 Qg6 27. Bxd5
Rd7 28. Rd2 Rgd8 29. Be6 Qxe6 30. Rxe6 Rxd2 31. Rxc6+ bxc6 32. Qxh5 1-0

[Event "Pere Noel"]
[Site "Montreal CAN"]
[Date "1984.12.29"]
[Round "4"]
[White "Girard, Robin"]
[Black "Bolduc, Steve"]
[Result "1/2-1/2"]
[WhiteElo "2098"]
[BlackElo "2054"]
[PlyCount "44"]
[EventDate "1984.12.26"]
[EventType "swiss"]
[EventCountry "CAN"]

1. e4 c6 2. d4 d5 3. e5 Bf5 4. Nc3 e6 5. g4 Bg6 6. Nge2 f6 7. Nf4 Bf7 8. Bd3
fxe5 9. dxe5 Nd7 10. Qe2 Qc7 11. Bf5 Qxe5 12. Nxe6 Bxe6 13. Bxe6 Bd6 14. f4
Qxe2+ 15. Nxe2 Nc5 16. Nd4 Nf6 17. g5 Nh5 18. O-O Rf8 19. Re1 Nxf4 20. Bxd5+
Kd7 21. Bf3 Rae8 22. Bd2 Be5 1/2-1/2

[Event "Beloeil"]
[Site "Beloeil CAN"]
[Date "1984.10.28"]
[Round "4"]
[White "Jodoin, Pierre"]
[Black "Girard, Robin"]
[Result "0-1"]
[WhiteElo "2039"]
[BlackElo "2062"]
[PlyCount "64"]
[EventDate "1984.10.27"]
[EventType "swiss"]
[EventRounds "4"]
[EventCountry "CAN"]

1. e4 c5 2. Nf3 e6 3. d4 cxd4 4. Nxd4 Nc6 5. Be3 Nf6 6. Nc3 Qc7 7. Be2 a6 8.
O-O Bb4 9. Na4 O-O 10. Nxc6 bxc6 11. Nb6 Rb8 12. Nxc8 Rfxc8 13. Bxa6 Rd8 14.
Bd3 Bd6 15. f4 e5 16. g3 Rxb2 17. Rb1 Rdb8 18. Rxb2 Rxb2 19. Qa1 Qb8 20. a4 Ng4
21. Bc1 Rb1 22. Qa2 Qb6+ 23. Kg2 Rxc1 24. Rxc1 Qf2+ 25. Kh3 Ne3 26. Bf1 Nxf1
27. Rxf1 Qxf1+ 28. Kg4 Qe2+ 29. Kh3 Qxe4 30. fxe5 Qxe5 31. a5 Qe6+ 32. Qxe6
fxe6 0-1

[Event "Quebec op"]
[Site "Laval CAN"]
[Date "1984.08.09"]
[Round "5"]
[White "Girard, Robin"]
[Black "Ginsburg, Mark"]
[Result "0-1"]
[WhiteElo "1991"]
[BlackElo "2388"]
[PlyCount "80"]
[EventDate "1984.08.05"]
[EventType "swiss"]
[EventRounds "8"]
[EventCountry "CAN"]

1. e4 c5 2. Nc3 Nc6 3. Nf3 d6 4. d4 cxd4 5. Nxd4 e6 6. Be2 Nf6 7. Be3 Be7 8.
O-O O-O 9. f4 Bd7 10. Qe1 Nxd4 11. Bxd4 Bc6 12. Bf3 Nd7 13. Rd1 Qc7 14. Qg3 e5
15. fxe5 dxe5 16. Bg4 Bc5 17. Bxc5 Nxc5 18. Nd5 Bxd5 19. exd5 Ne4 20. Qe3 Qb6
21. Qxb6 axb6 22. Rf3 Rfd8 23. Re3 Nd6 24. Rb3 b5 25. Be2 Rdc8 26. Bxb5 Rxc2
27. Bd3 Rc7 28. Rb6 Rd7 29. Rc1 g6 30. a3 Ra5 31. Bc4 Nxc4 32. Rxc4 Raxd5 33.
Rc8+ Kg7 34. Rb8 Rd1+ 35. Kf2 R7d2+ 36. Kg3 Rg1 37. R6xb7 Rgxg2+ 38. Kf3 Rgf2+
39. Kg3 e4 40. Rb6 g5 0-1

[Event "Quebec op"]
[Site "Laval CAN"]
[Date "1984.08.10"]
[Round "6"]
[White "Girard, Robin"]
[Black "Berube, Richard"]
[Result "1/2-1/2"]
[WhiteElo "1991"]
[BlackElo "2225"]
[PlyCount "59"]
[EventDate "1984.08.05"]
[EventType "swiss"]
[EventRounds "8"]
[EventCountry "CAN"]

1. e4 c5 2. Nf3 d6 3. d4 cxd4 4. Nxd4 Nf6 5. Nc3 a6 6. Bg5 e6 7. f4 Qb6 8. Qd2
Qxb2 9. Rb1 Qa3 10. f5 Nc6 11. fxe6 fxe6 12. Nxc6 bxc6 13. e5 dxe5 14. Bxf6
gxf6 15. Ne4 Be7 16. Be2 h5 17. Rb3 Qa4 18. Nxf6+ Bxf6 19. c4 Bh4+ 20. g3 Be7
21. O-O h4 22. Bd3 Rg8 23. Bh7 Rg5 24. Rd3 Qxc4 25. Qxg5 Qc5+ 26. Kh1 Bxg5 27.
Bg6+ Ke7 28. Rf7+ Ke8 29. Rf1+ Ke7 30. Rf7+ 1/2-1/2

[Event "Quebec op"]
[Site "Laval CAN"]
[Date "1984.08.12"]
[Round "8"]
[White "Girard, Robin"]
[Black "Leveille, Francois"]
[Result "1/2-1/2"]
[WhiteElo "1991"]
[BlackElo "2250"]
[PlyCount "59"]
[EventDate "1984.08.05"]
[EventType "swiss"]
[EventRounds "8"]
[EventCountry "CAN"]

1. e4 c5 2. Nf3 d6 3. d4 cxd4 4. Nxd4 Nf6 5. Nc3 a6 6. Bg5 e6 7. f4 Qc7 8. Bxf6
gxf6 9. f5 Nc6 10. fxe6 fxe6 11. Be2 Nxd4 12. Bh5+ Ke7 13. Qxd4 Qc5 14. Qxc5
dxc5 15. Na4 Rg8 16. Bf3 b5 17. Nxc5 Ra7 18. c3 Rc7 19. Nd3 Bd7 20. O-O Bh6 21.
Rfe1 a5 22. a3 Rc4 23. Rad1 Rgc8 24. Kf2 R8c7 25. g3 Bc6 26. e5 f5 27. Bxc6
R7xc6 28. Kf3 Rg4 29. Nf2 Rgc4 30. Nd3 1/2-1/2

[Event "Toronto int."]
[Site "Toronto CAN"]
[Date "1984.07.27"]
[Round "8"]
[White "Girard, Robin"]
[Black "Williams, Mike"]
[Result "0-1"]
[WhiteElo "1908"]
[BlackElo "1948"]
[PlyCount "104"]
[EventDate "1984.07.21"]
[EventType "swiss"]
[EventRounds "10"]
[EventCountry "CAN"]

1. e4 d5 2. exd5 Qxd5 3. Nc3 Qd8 4. Bc4 g6 5. Nf3 Bg7 6. O-O Nf6 7. h3 O-O 8.
Re1 c5 9. d4 cxd4 10. Nxd4 a6 11. a4 Qc7 12. Qe2 e5 13. Nb3 h6 14. Be3 b6 15.
a5 b5 16. Bd5 Nc6 17. Bb6 Qb7 18. Nc5 Nxd5 19. Nxb7 Nxb6 20. axb6 Bxb7 21. Qe4
Rab8 22. Ne2 Rfd8 23. Qg4 Bc8 24. Qh4 Rxb6 25. Rad1 Re8 26. Qe4 Bf5 27. Qe3
Rbb8 28. Rd6 Nb4 29. Rc1 Nxc2 30. Qb3 Nd4 31. Nxd4 exd4 32. g4 Be6 33. Qf3 a5
34. Ra6 a4 35. Ra7 Rf8 36. h4 Rbd8 37. Rac7 d3 38. Rd1 Bc4 39. Rd2 Rfe8 40. Qd1
Re4 41. f3 Re6 42. Rxc4 bxc4 43. Qxa4 Re1+ 44. Kf2 Rc1 45. Qb5 Bd4+ 46. Kg3 Be3
47. Rg2 d2 48. Rxd2 Bxd2 49. Qb6 Be1+ 50. Kf4 Rcd1 51. h5 R1d4+ 52. Ke3 Re8+
0-1

[Event "St-Patrice"]
[Site "Quebec CAN"]
[Date "1984.03.18"]
[Round "4"]
[White "Berube, Richard"]
[Black "Girard, Robin"]
[Result "1-0"]
[WhiteElo "1986"]
[BlackElo "1975"]
[PlyCount "39"]
[EventDate "1984.03.16"]
[EventType "swiss"]
[EventRounds "5"]
[EventCountry "CAN"]

1. e4 c5 2. Nf3 d6 3. d4 cxd4 4. Nxd4 Nf6 5. Nc3 a6 6. Bg5 e6 7. f4 Qb6 8. Qd2
Qxb2 9. Rb1 Qa3 10. Be2 Nc6 11. Nxc6 bxc6 12. e5 Nd5 13. Nxd5 cxd5 14. c4 Qc5
15. cxd5 Qxd5 16. Qc3 Qc5 17. Qxc5 dxc5 18. Bf3 Ra7 19. Bc6+ Rd7 20. Rb8 1-0

[Event "Quebec CC-ch"]
[Site "Quebec CAN"]
[Date "1984.03.01"]
[Round "4"]
[White "Girard, Robin"]
[Black "Tremblay, Rejean"]
[Result "1-0"]
[WhiteElo "1929"]
[BlackElo "1657"]
[PlyCount "65"]
[EventDate "1984.03.01"]
[EventType "swiss"]
[EventRounds "5"]
[EventCountry "CAN"]

1. c4 Nf6 2. Nc3 e6 3. e4 d5 4. e5 Nfd7 5. d4 dxc4 6. Bxc4 c5 7. Nf3 cxd4 8.
Qxd4 Nc6 9. Qe4 Bb4 10. O-O Bxc3 11. bxc3 Qc7 12. Bb5 Nb6 13. Ba3 Bd7 14. Bd6
Qd8 15. Qg4 Rg8 16. Bd3 g6 17. Ng5 Nc8 18. Ne4 Nxd6 19. Nxd6+ Kf8 20. Qf4 Qe7
21. Qh6+ Rg7 22. f4 f5 23. exf6 Qxf6 24. Ne4 Qe7 25. Ng5 Kg8 26. Kh1 Rc8 27.
Rae1 Nd8 28. f5 gxf5 29. Rxf5 Bc6 30. Rf6 Rc7 31. Ref1 Bxg2+ 32. Kxg2 Nf7 33.
Bxh7+ 1-0

[Event "Quebec-ch (ville/city)"]
[Site "Quebec CAN"]
[Date "1984.01.27"]
[Round "2"]
[White "Girard, Robin"]
[Black "Berube, Richard"]
[Result "1/2-1/2"]
[WhiteElo "1946"]
[BlackElo "2042"]
[PlyCount "35"]
[EventDate "1984.01.26"]
[EventType "tourn"]
[EventRounds "7"]
[EventCountry "CAN"]

1. e4 c5 2. Nf3 Nc6 3. d4 cxd4 4. Nxd4 Nf6 5. Nc3 d6 6. Bg5 e6 7. Qd2 a6 8.
O-O-O Bd7 9. f4 Be7 10. Nf3 b5 11. Bxf6 gxf6 12. Bd3 Qb6 13. Kb1 b4 14. Ne2 a5
15. f5 Qc5 16. Nf4 Rb8 17. fxe6 fxe6 18. Be2 1/2-1/2

[Event "Quebec-ch U20"]
[Site "Montreal CAN"]
[Date "1983.02.11"]
[Round "1"]
[White "Solunac, Sasha"]
[Black "Girard, Robin"]
[Result "1/2-1/2"]
[WhiteElo "1599"]
[BlackElo "1958"]
[PlyCount "165"]
[EventDate "1983.02.11"]
[EventType "swiss"]
[EventRounds "5"]
[EventCountry "CAN"]

1. d4 Nf6 2. c4 c5 3. d5 e6 4. Nc3 exd5 5. cxd5 d6 6. e4 g6 7. Nf3 Bg7 8. Bg5
h6 9. Bh4 a6 10. a4 g5 11. Bg3 Nh5 12. Bd3 Nxg3 13. hxg3 O-O 14. O-O Nd7 15.
Re1 Ne5 16. Nxe5 Bxe5 17. Qd2 Bd7 18. Kh1 Rb8 19. a5 Qf6 20. Re3 Bg4 21. Be2
Bxe2 22. Qxe2 Qg6 23. g4 Kg7 24. Rh3 Rh8 25. Qf3 b6 26. Qe2 bxa5 27. Rxa5 Rb4
28. Rxa6 Rhb8 29. Ra2 Bxc3 30. Rxc3 Rxe4 31. Qd1 Rd4 32. Qc2 Qxc2 33. Rxc2 Rxd5
34. f3 Rb3 35. Rc3 Rxc3 36. bxc3 Rd3 37. Rc2 Kf6 38. Kg1 Ke5 39. Kf2 Kd5 40.
c4+ Kd4 41. Ke2 Re3+ 42. Kd2 Re5 43. Rc1 Re7 44. Rc2 Ra7 45. Kd1 d5 46. cxd5
Kxd5 47. Rd2+ Ke6 48. Kc1 Rd7 49. Rc2 Kd5 50. Rd2+ Kc6 51. Re2 c4 52. Kc2 Kc5
53. Re5+ Kb4 54. Re3 Ra7 55. Kb2 c3+ 56. Kb1 Kb3 57. Re2 c2+ 58. Rxc2 Ra1+ 59.
Kxa1 Kxc2 60. Ka2 Kd2 61. Kb2 Ke2 62. Kc2 Kf2 63. Kd2 Kxg2 64. Ke2 f6 65. Ke3
Kg3 66. Ke2 Kg2 67. Ke3 Kg3 68. Ke2 Kf4 69. Kf2 f5 70. gxf5 Kxf5 71. Kg3 h5 72.
Kg2 Kf4 73. Kf2 h4 74. Kg2 h3+ 75. Kf2 h2 76. Kg2 h1=Q+ 77. Kxh1 Kxf3 78. Kg1
Kg3 79. Kh1 Kf2 80. Kh2 g4 81. Kh1 Kf3 82. Kh2 g3+ 83. Kh1 1/2-1/2

[Event "Quebec-ch U20"]
[Site "Montreal CAN"]
[Date "1983.02.12"]
[Round "3"]
[White "Girard, Robin"]
[Black "Roy, Alain"]
[Result "1-0"]
[WhiteElo "1958"]
[BlackElo "1761"]
[PlyCount "63"]
[EventDate "1983.02.11"]
[EventType "swiss"]
[EventRounds "5"]
[EventCountry "CAN"]

1. e4 d6 2. d4 Nf6 3. Nc3 g6 4. f4 Bg7 5. Nf3 c5 6. dxc5 Qa5 7. Bd3 Qxc5 8. Qe2
O-O 9. Be3 Qa5 10. O-O Bg4 11. h3 Bxf3 12. Qxf3 Nc6 13. Kh1 Rac8 14. a3 a6 15.
Qf2 Nd7 16. Rab1 Qd8 17. Nd5 b5 18. a4 Rb8 19. axb5 axb5 20. Qe2 b4 21. f5 Nde5
22. Bg5 gxf5 23. exf5 f6 24. Be3 Kh8 25. Nf4 Qd7 26. Ne6 Rg8 27. Rf4 Bh6 28.
Rh4 Bxe3 29. Qxe3 Nf7 30. Qf3 h6 31. Qh5 Rgf8 32. Qg6 1-0

[Event "Quebec op"]
[Site "Montreal CAN"]
[Date "1982.08.08"]
[Round "8"]
[White "Girard, Robin"]
[Black "Graves, Charles"]
[Result "1-0"]
[WhiteElo "1803"]
[BlackElo "1856"]
[PlyCount "73"]
[EventDate "1982.08.01"]
[EventType "swiss"]
[EventRounds "8"]
[EventCountry "CAN"]

1. d4 Nf6 2. c4 e6 3. Nf3 b6 4. a3 Bb7 5. Nc3 Be7 6. d5 d6 7. e4 O-O 8. h3 c5
9. Bd3 Ne8 10. Qc2 e5 11. g4 g6 12. Bh6 Ng7 13. h4 f6 14. O-O-O Na6 15. g5 fxg5
16. Nxg5 Bxg5+ 17. Bxg5 Qd7 18. Rdg1 Nh5 19. Be3 Nc7 20. Be2 Nf4 21. h5 Kg7 22.
hxg6 hxg6 23. Bg4 Qe7 24. Bxf4 Rxf4 25. Bf5 Rg8 26. Rxg6+ Kf8 27. Rxg8+ Kxg8
28. Rg1+ Kf8 29. f3 Rh4 30. Qg2 Qf7 31. Qg5 Rh2 32. Qd8+ Ne8 33. Be6 Qf4+ 34.
Kb1 Rh8 35. Bd7 Qf7 36. Bxe8 Qxe8 37. Qf6+ 1-0

[Event "CAN-ch U16"]
[Site "West Vancouver CAN"]
[Date "1982.??.??"]
[Round "?"]
[White "Southam, Todd"]
[Black "Girard, Robin"]
[Result "0-1"]
[WhiteElo "1665"]
[BlackElo "1707"]
[PlyCount "57"]
[EventDate "1982.03.14"]
[EventType "tourn"]
[EventRounds "9"]
[EventCountry "CAN"]

1. e4 c5 2. Nc3 d6 3. f4 Nc6 4. Nf3 g6 5. Bc4 Bg7 6. O-O e6 7. f5 exf5 8. d3
Nge7 9. Qe1 h6 10. Qh4 Nd4 11. exf5 Bxf5 12. Bd2 Nxc2 13. Rac1 Nd4 14. Rce1 Be6
15. Nxd4 Bxd4+ 16. Kh1 d5 17. Bb5+ Nc6 18. Rxe6+ fxe6 19. Qg4 Ke7 20. Bxh6 Ne5
21. Bg5+ Kd6 22. Qg3 Rf8 23. Re1 Qa5 24. Bf4 Rf5 25. Ne2 Raf8 26. Nxd4 Rxf4 27.
h3 cxd4 28. Qg5 Qxe1+ 29. Kh2 0-1

[Event "Carnaval"]
[Site "Quebec CAN"]
[Date "1982.02.13"]
[Round "2"]
[White "Girard, Robin"]
[Black "Morin, Louis"]
[Result "1-0"]
[WhiteElo "1789"]
[BlackElo "1944"]
[PlyCount "153"]
[EventDate "1982.02.12"]
[EventType "swiss"]
[EventRounds "5"]
[EventCountry "CAN"]

1. e4 e5 2. Nf3 d6 3. Bc4 Be6 4. Bb3 c5 5. d3 Be7 6. c3 Nc6 7. Bc2 Bf6 8. O-O
h5 9. Be3 Nh6 10. Qd2 Ng4 11. Bg5 Bxg5 12. Qxg5 Qf6 13. Qxf6 gxf6 14. Nbd2 Ne7
15. Bb3 Ng6 16. g3 Ke7 17. h4 Rag8 18. Kh1 Nh6 19. d4 cxd4 20. cxd4 Rc8 21.
Rac1 Ng4 22. Kg2 Rhg8 23. Rxc8 Rxc8 24. d5 Bd7 25. Nh2 Nh6 26. f3 Rg8 27. Kf2
Bh3 28. Rc1 Rc8 29. Rxc8 Bxc8 30. Nhf1 Bd7 31. Ne3 Kd8 32. Ke2 Kc7 33. Bc4 Kb6
34. Bd3 Kc7 35. Bc2 a5 36. Nb3 b6 37. Nd2 Ne7 38. Bd3 Kb7 39. Ndc4 Kc7 40. Nd2
f5 41. exf5 Nhxf5 42. Bxf5 Nxf5 43. Nxf5 Bxf5 44. Ne4 Bg6 45. Nf6 Kd8 46. g4
Ke7 47. g5 Kd8 48. Ke3 Kc7 49. f4 exf4+ 50. Kxf4 Kd8 51. Ke3 b5 52. Kd4 Ke7 53.
a3 Kd8 54. a4 bxa4 55. Kc4 Bc2 56. Nxh5 f5 57. Nf4 a3 58. bxa3 Ba4 59. h5 Ke7
60. Kd4 Kf8 61. Ne6+ Kg8 62. Ke3 Bd1 63. Nf4 Kh7 64. Kf2 Bb3 65. Kg3 Bc4 66.
Kh4 Bb3 67. h6 Bd1 68. Nh5 Kg6 69. Nf6 f4 70. h7 Kg7 71. g6 f3 72. Ne8+ Kh8 73.
Nxd6 f2 74. Nf7+ Kg7 75. h8=Q+ Kxg6 76. Qg8+ Kf6 77. Qg2 1-0

[Event "Jules Therien mem."]
[Site "Quebec CAN"]
[Date "1981.12.02"]
[Round "9"]
[White "Berube, Richard"]
[Black "Girard, Robin"]
[Result "0-1"]
[WhiteElo "1907"]
[BlackElo "1803"]
[PlyCount "66"]
[EventDate "1981.10.28"]
[EventType "tourn"]
[EventRounds "9"]
[EventCountry "CAN"]

1. e4 Nf6 2. e5 Nd5 3. d4 d6 4. c4 Nb6 5. f4 dxe5 6. fxe5 c5 7. d5 e6 8. Nf3
exd5 9. cxd5 Qxd5 10. Bb5+ Bd7 11. Bxd7+ N8xd7 12. Qe2 Qc4 13. Bf4 Qxe2+ 14.
Kxe2 Nd5 15. Bd2 O-O-O 16. Nc3 Nxc3+ 17. Bxc3 Be7 18. g3 Nf8 19. Rad1 Ne6 20.
Rxd8+ Rxd8 21. Rd1 Rxd1 22. Kxd1 Kd7 23. Ke2 Kc6 24. b3 Kd5 25. Kd3 Bd8 26. h3
b5 27. Nd2 Bb6 28. Nf3 h6 29. Nd2 c4+ 30. bxc4+ bxc4+ 31. Ke2 Nd4+ 32. Bxd4
Bxd4 33. e6 fxe6 0-1

[Event "Mauricie op"]
[Site "Trois-Rivieres CAN"]
[Date "1986.09.28"]
[Round "3"]
[White "Barbeau, Sylvain"]
[Black "Girard, Robin"]
[Result "0-1"]
[WhiteElo "2387"]
[BlackElo "2167"]
[PlyCount "72"]
[EventDate "1986.09.27"]
[EventType "swiss"]
[EventRounds "4"]
[EventCountry "CAN"]

1. d4 Nf6 2. Nf3 c5 3. c4 cxd4 4. Nxd4 e5 5. Nb5 d5 6. cxd5 Bc5 7. e3 O-O 8.
N5c3 e4 9. Nd2 Qe7 10. a3 a5 11. d6 Bxd6 12. Ndxe4 Nxe4 13. Nxe4 Rd8 14. Nxd6
Rxd6 15. Bd2 Nc6 16. Be2 Qg5 17. Kf1 Bf5 18. Qe1 Rg6 19. g3 Bh3+ 20. Kg1 Qd5
21. f3 Ne5 22. Bc3 Nxf3+ 23. Bxf3 Qxf3 24. Qf2 Qd5 25. e4 Qxe4 26. Re1 Qd5 27.
Re5 Qd7 28. Qd4 Rf6 29. Re1 Qb5 30. Qd1 Re6 31. Rxe6 fxe6 32. Kf2 Rf8+ 33. Ke3
Qg5+ 34. Kd3 Rd8+ 35. Bd4 e5 36. Qb3+ Kh8 0-1

[Event "Mauricie op (1985)"]
[Site "Shawinigan CAN"]
[Date "1985.11.09"]
[Round "2"]
[White "Girard, Robin"]
[Black "Wilkin, Alain"]
[Result "1-0"]
[WhiteElo "2071"]
[BlackElo "1862"]
[PlyCount "77"]
[EventDate "1985.11.09"]
[EventType "swiss"]
[EventRounds "4"]
[EventCountry "CAN"]

1. e4 c5 2. Nf3 d6 3. d4 cxd4 4. Nxd4 Nf6 5. Nc3 a6 6. Bg5 e6 7. f4 Qb6 8. Qd2
Qxb2 9. Rb1 Qa3 10. f5 Nc6 11. fxe6 fxe6 12. Nxc6 bxc6 13. Be2 Qa5 14. Be3 Be7
15. Bb6 Qe5 16. Bd4 Qa5 17. Bf3 O-O 18. e5 Nd7 19. exd6 Bg5 20. Qd3 Ne5 21.
Bxe5 Qxe5+ 22. Ne4 a5 23. O-O Ba6 24. c4 Rad8 25. Kh1 Bf6 26. Rb6 Bc8 27. Rfb1
Bd7 28. Nxf6+ Rxf6 29. Bxc6 Bxc6 30. Rxc6 Rf2 31. d7 Re2 32. Rf1 Re1 33. Rc8
Rxf1+ 34. Qxf1 Qg5 35. Rxd8+ Qxd8 36. Qd3 g6 37. Qd6 Kf7 38. h3 h6 39. c5 1-0

[Event "Mauricie op (1985)"]
[Site "Shawinigan CAN"]
[Date "1985.11.10"]
[Round "4"]
[White "Girard, Robin"]
[Black "Chabot, Roland"]
[Result "1/2-1/2"]
[WhiteElo "2071"]
[BlackElo "1946"]
[PlyCount "62"]
[EventDate "1985.11.09"]
[EventType "swiss"]
[EventRounds "4"]
[EventCountry "CAN"]

1. e4 c5 2. Nf3 e6 3. d4 cxd4 4. Nxd4 Nf6 5. Nc3 d6 6. f4 a6 7. Be3 b5 8. a3
Bb7 9. Bd3 Nbd7 10. Qf3 Rc8 11. O-O g6 12. Rae1 Bg7 13. Qh3 O-O 14. f5 gxf5 15.
exf5 e5 16. Nb3 e4 17. Be2 Ne8 18. Nd4 Bxd4 19. Bxd4 f6 20. Bh5 d5 21. Ne2 Ng7
22. Bg6 h5 23. Bxh5 Nxh5 24. Qxh5 Rf7 25. Rf4 Rh7 26. Rg4+ Kh8 27. Qg6 Ne5 28.
Bxe5 fxe5 29. Qe6 Qe7 30. Qxe7 Rxe7 31. c3 Rf7 1/2-1/2

[Event "Quebec-ch qual. 3"]
[Site "Quebec CAN"]
[Date "1982.05.23"]
[Round "5"]
[White "Wilkin, Alain"]
[Black "Girard, Robin"]
[Result "1-0"]
[WhiteElo "1732"]
[BlackElo "1847"]
[PlyCount "29"]
[EventDate "1982.05.21"]
[EventType "swiss"]
[EventRounds "5"]
[EventCountry "CAN"]

1. e4 e6 2. d4 d5 3. Nd2 c5 4. Ngf3 Nc6 5. exd5 exd5 6. Bb5 Bd6 7. O-O cxd4 8.
Nb3 Nge7 9. Nbxd4 O-O 10. h3 f6 11. Nxc6 bxc6 12. Bxc6 Rb8 13. Bxd5+ Nxd5 14.
Qxd5+ Kh8 15. Rd1 1-0